000 00777nam a2200241Ia 4500
003 OSt
005 20220923213018.0
006 a|||||r|||| 00| 0
007 ta
008 220922b |||||||| |||| 00| 0 hin d
024 _a158,305
037 _cTextual
040 _aARTS
_cARTS
_bhin
041 _2hin
_ahin
082 _aO152,1xN, J9
100 _aचौहान, शिवदानसिंह
_9156365
245 0 _aताज की छाया में
_b कविता संग्रह
246 _aTāj kī chhāyā mean: kavitā sangraha
260 _c1959
650 _aहिन्दी साहित्य
_9156264
942 _hO152,1xN, J9
_cTEXL
_2CC
999 _c313104
_d313104